根据城区地形地图写出江苏各地市 Jiangsu cities on urban topographic map - Statistics

General Stats
  • This quiz has been taken 86 times
  • The average score is 9 of 13
Answer Stats
Picture Answer % Correct
南京
90%
苏州
83%
镇江
83%
南通
82%
扬州
79%
无锡
78%
宿迁
69%
常州
68%
徐州
67%
连云港
65%
泰州
54%
盐城
53%
淮安
50%
No matching quizzes found
Score Distribution
Percent of People with Each Score
Percentile by Number Answered
Your Score History
You have not taken this quiz